Modern treaty law and practice

Αποθηκεύτηκε σε:
Λεπτομέρειες βιβλιογραφικής εγγραφής
Κύριος συγγραφέας: Aust, Anthony
Μορφή: Βιβλίο
Γλώσσα:English
Δημοσίευση: Cambridge : Cambridge University Press, 2000
Θέματα:
Ετικέτες: Προσθήκη ετικέτας
Δεν υπάρχουν, Καταχωρήστε ετικέτα πρώτοι!

MARC

LEADER 00000nam a2200000 i 4500
001 1/62686
008 041015s2000 eng d
020 |a 0-521-59846-X 
035 |l 10074701 
040 |a GR-MY-UA  |b gre  |e aacr 
041 0 |a eng 
082 0 |a 341.37 
100 1 |a Aust, Anthony. 
245 1 0 |a Modern treaty law and practice /  |c Anthony Aust 
260 |a Cambridge :   |b Cambridge University Press,   |c 2000 
300 |a 443 p. 
504 |a Includes bibliographical references and index 
650 0 0 |a Treaties. 
852 |a INST  |b RHODES  |e 20041015  |h 341.37 AUS  |p 005400018473  |q 005400018473  |t BK  |y 0 
901 |a BIBL4-2004-3 
909 |a Ρ  |b 109904 
920 |a ΔΙΕΥΡΥΝΣΗ  |b ΕΠΕΑΕΚ ΙΙ-ΤΜΣ  |y ΡΟΔΟΣ  |z 2004-10 
970 |a ΚΟΥΛΑΚΙΟΤΗ  |b ΛΙΤΣΑ  |z 2004/10/15